000 01085nam a2200289 a 4500
001 23427
003 BD-RjUL
005 20211209000929.0
008 140310s1986 bg abf b f000 0 eng
035 _a(BD-RjUL)23492
040 _aDLC
_cDLC
_dBD-RjUL
_beng
041 _aeng
082 0 0 _a934
_220
_bALA 1986
100 1 _aAli, Mohammed,
_d1946-
_972151
245 1 0 _aArchaeological survey report of Bogra District /
_cby Mohammed Ali, S.B. Bhattacharya ; edited by Nazimuddin Ahmed, A.K.M. Shamsul Alam.
260 _aDhaka :
_bDirectorate of Archaeology and Museum,
_c1986.
300 _a206 p., [36] p. of plates :
_bill., maps ;
_c25 cm.
504 _aIncludes bibliographical references.
650 0 _aExcavations (Archaeology)
_zBangladesh
_zBogra (District).
_972152
651 0 _aBogra (Bangladesh : District)
_xAntiquities.
_972153
700 1 _aBhattacharya, S. B.
_q(Swapan Bikash),
_d1944-
_972154
700 1 _aAhmed, Nazimuddin,
_d1926-
_972155
700 2 _aShamsul Alam, A. K. M.
_972156
942 _2ddc
_cBK
999 _c23427
_d23427